000 00926cam a22002893a 4500
001 35281
003 PGUSA
005 20140828083747.0
008 110214s2011||||xxu|||||s|||||000 1 eng d
040 _aPGUSA
_beng
042 _adc
050 4 _aPZ
100 1 _aRichards, Laura Elizabeth Howe,
_d1850-1943
245 1 4 _aThe Joyous Story of Toto
_h[electronic resource] /
_cLaura Elizabeth Howe Richards
260 _bProject Gutenberg,
_c2011
506 _aPublic domain in the USA.
516 _aElectronic text
653 _aBlindness -- Juvenile fiction
653 _aFriendship -- Juvenile fiction
653 _aConduct of life -- Juvenile fiction
653 _aGrandmothers -- Juvenile fiction
653 _aAnimals -- Juvenile fiction
700 1 _aGarrett, Edmund H.
_q(Edmund Henry),
_d1853-1929
830 0 _aProject Gutenberg
_v35281
856 4 0 _uhttp://www.gutenberg.org/ebooks/35281
942 _cEB
999 _c264536
_d264536